=LDR 00000nam 2200000 4500 =001 INLIS000000000012084 =005 20201006070232 =035 ##$$a 0010-061300000012084 =008 201006################g##########0#ind## =041 ##$$a Ind =082 ##$$a 306.095 984 =090 ##$$a 572.899 22, Sch k =100 1#$$a Schadee, M.C =245 1#$$a Kepercayaan suku dayak ditanah Landak dan Tayan /$c M.C Schadee ; Penerjemah yayasan Idayu =260 ##$$a Jakarta :$b Yay. Idayu,$c 1979 =300 ##$$a 32 hlm ; $c 15x21 cm. =650 #4$$a Dayak =710 #$$a Yayasan Idayu =850 ##$$a NBPNMAT =084 ##$$a 306.095 984 SCH k =990 ##$$a 00034294 =990 ##$$a 4095 pro.80